| 000 | 00637nam a2200205Ia 4500 | ||
|---|---|---|---|
| 003 | SISC | ||
| 005 | 20170308084814.0 | ||
| 008 | 140321s9999 xx 000 0 und d | ||
| 020 | _a9789814441414 | ||
| 050 |
_aHF 5415.32 _b.H69 2013 |
||
| 100 | _aHoyer, Wayne D. | ||
| 245 |
_aConsumer behavior in the 21st century / _cWayne D. Hoyer, Deborah J. Maclnnis and Rik Pieters. |
||
| 250 | _a2nd edition. | ||
| 260 |
_aPhilippines : _bCengage Learning, _c2013. |
||
| 300 |
_a497 pages ; _c26 cm. |
||
| 500 | _aIncludes bibliographical references and indexes. | ||
| 650 | _aConsumer behavior. | ||
| 942 |
_kFOR _cBK _2lcc |
||
| 999 |
_c48281 _d48281 |
||